000
00299 a2200145 4500
001
194756
040
_c
Magnum
100
_a
Heck, Lenira Almeida
240
1
0
_a
A borboleta azul
_l
por
245
1
0
_a
A borboleta azul
300
_a
28
362
0
_a
2006
697
_a
LITERATURA GERAL
942
_c
BK
999
_c
194756
_d
194756